00893nam a2200193 a 450000100060000000300090000600800410001502000150005604000280007108200160009910000290011524500300014426000340017430000090020850503380021765000320055565000530058765000590064022137CO-ViMGA141112s2004 ck r 000 u spa d a9702406838 aCO-ViMGAbspacCO-ViMGA04a511.8 A815m1 aAvalos Septien, Mauricio10aMatemáticas Financieras aMexico : bContinetal, c2004 a207p aProgresiones 1 - - Interes simple 21 - - Interes compuesto 43 - - Ecuaciones de valores equivalentes 71 - - Anualidades 83 - - Anualidades anticipadas 103 - - Anualidades diferidas 121 - - Anualidades generales 133 - - Amortización 145 - - Fondo de amortización 163 - - Acciones, bonos y obligaciones 175 - - Depreciación 185 14aADMINISTRACIÓN FINANCIERA14aANALISIS FINANCIERO - PROBLEMAS, EJERCICIOS, ETC14aMATEMÁTICAS FINANCIERAS - PROBLEMAS, EJERCICIOS, ETC